El ABC del instructor 2 : (Registro nro. 63113)

Detalles MARC
000 -LEADER
campo de control de longitud fija 02800am aa2200361i 44500
003 - IDENTIFICADOR DE NÚMERO DE CONTROL
campo de control PE-LiUPU
005 - FECHA Y HORA DE LA ÚLTIMA TRANSACCIÓN
campo de control 20251016153227.0
008 - DATOS DE LONGITUD FIJA--INFORMACIÓN GENERAL
campo de control de longitud fija 0205s2002 mx a rb 000 0 spa d
020 ## - NÚMERO INTERNACIONAL ESTÁNDAR DEL LIBRO
Número Internacional Estándar del Libro 9683811078
035 ## - NÚMERO DE CONTROL DEL SISTEMA
Número de control de sistema PE-LiUPU000020
040 ## - FUENTE DE CATALOGACIÓN
Centro catalogador/agencia de origen PE-LiUPU
Lengua de catalogación spa
Centro/agencia transcriptor PE-LiUPU
Normas de descripción rda
082 04 - NÚMERO DE LA CLASIFICACIÓN DECIMAL DEWEY
Número de clasificación 658.312404
Número de edición 23
Cutter R467e
100 ## - ENTRADA PRINCIPAL--NOMBRE DE PERSONA
Nombre de persona Reza Trosino, Jesús Carlos,
Término indicativo de función/relación autor.
9 (RLIN) 7210
245 10 - MENCIÓN DEL TÍTULO
Título El ABC del instructor 2 :
Resto del título y también del facilitador de procesos de grupos, comunitarios, educativos, de formación profesional y aprendizaje efectivo : para el 3er milenio /
Mención de responsabilidad, etc. por Jesús Carlos Reza Trosino.
250 ## - MENCION DE EDICION
Mención de edición 1ª edición.
264 #1 - PRODUCCIÓN, PUBLICACIÓN, DISTRIBUCIÓN, FABRICACIÓN Y COPYRIGHT
Producción, publicación, distribución, fabricación y copyright México, D.F. :
Nombre del de productor, editor, distribuidor, fabricante Panorama Editorial,
Fecha de producción, publicación, distribución, fabricación o copyright 2002.
300 ## - DESCRIPCIÓN FÍSICA
Extensión 212 páginas :
Otras características físicas ilustraciones ;
Dimensiones 23 cm.
336 ## - TIPO DE CONTENIDO
Término de tipo de contenido texto
Código de tipo de contenido txt
Fuente rdacontent
337 ## - TIPO DE MEDIO
Nombre/término del tipo de medio sin mediación
Código del tipo de medio n
Fuente rdamedia
338 ## - TIPO DE SOPORTE
Nombre/término del tipo de soporte volumen
Código del tipo de soporte nc
Fuente rdacarrier
500 ## - NOTA GENERAL
Nota general Incluye ejercicios, metodologías participativas y referencias bibliográficas.
504 ## - NOTA DE BIBLIOGRAFÍA, ETC.
Nota de bibliografía, etc. Incluye bibliografía al final.
505 0# - NOTA DE CONTENIDO CON FORMATO
Nota de contenido con formato Introducción -- Aceptación -- Outdoor training (afuera de la puerta) -- El facilitador líder o el líder facilitador -- Acerca de la motivación -- Paradigmas de la facilitación de procesos de aprendizaje -- Acerca de la quinta disciplina -- Más sobre la quinta disciplina de Peter Senge -- El enfoque de sistemas aplicado a la administración del aprendizaje -- Perfil de las organizaciones que aprenden -- Plan de desarrollo humano y organizacional -- Competencias laborales -- Formación de facilitadores -- Administración de aprendizaje efectivo (AAEO) -- Evaluación del aprendizaje organizacional (EVAO) -- Elementos básicos de los grupos T -- Fundamentos del aprendizaje -- Decálogo de sinergia grupal -- Análisis de casos -- Ejercicios grupales (integración, comunicación, tormentas de ideas, roles, dinámicas) -- Estilos de comunicación -- Realidad y percepción -- Esperanza fallida -- Programa fundamentos de administración (FUA).
520 ## - RESUMEN, ETC.
Sumario, etc. Manual práctico dirigido a instructores, facilitadores, docentes y formadores de grupos de aprendizaje. Presenta metodologías participativas, dinámicas grupales, herramientas de evaluación y estrategias para la gestión del aprendizaje en organizaciones y contextos educativos.
650 14 - PUNTO DE ACCESO ADICIONAL DE MATERIA--TÉRMINO DE MATERIA
Término de materia o nombre geográfico como elemento de entrada Instructores
Subdivisión general Formación profesional.
9 (RLIN) 7211
650 24 - PUNTO DE ACCESO ADICIONAL DE MATERIA--TÉRMINO DE MATERIA
Término de materia o nombre geográfico como elemento de entrada Educación de adultos
Subdivisión general Métodos de enseñanza.
9 (RLIN) 7212
650 24 - PUNTO DE ACCESO ADICIONAL DE MATERIA--TÉRMINO DE MATERIA
Término de materia o nombre geográfico como elemento de entrada Aprendizaje activo
Subdivisión general Técnicas de grupo.
9 (RLIN) 7213
710 ## - ENTRADA AGREGADA--NOMBRE DE ENTIDAD CORPORATIVA
Nombre de entidad corporativa o nombre de jurisdicción como elemento de entrada Panorama Editorial (México),
Término indicativo de función/relación editor.
9 (RLIN) 7216
856 40 - LOCALIZACIÓN Y ACCESO ELECTRÓNICOS
Identificador Uniforme de Recursos <a href="https://www.panoramaed.com.mx">https://www.panoramaed.com.mx</a>
Nota pública Sitio web de la editorial.
942 ## - ELEMENTOS DE ENTRADA SECUNDARIOS (KOHA)
Fuente del sistema de clasificación o colocación Clasificación Decimal Dewey
Tipo de ítem Koha Libros físicos
980 ## - EQUIVALENCIA O REFERENCIA-CRUZADA-MENCIÓN DE SERIE--NOMBRE DE PERSONA/TÍTULO [LOCAL, CANADÁ]
ID del usuario creador del registro 21515
Nombre del creador del registro ROMINA COBOS Adquisiciones
ID del último usuario que modificó el registro 18226
Nombre del último usuario que modificó el registro Jaime Vilcazán Jefe de Análisis Documental
Existencias
Visto por última vez Total de préstamos Signatura topográfica completa Código de barras Copia número Coste, precio de reemplazo Fecha de reemplazo Facultad Tipo de ítem Koha Estado de pérdida Fuente del sistema de clasificación o colocación Restricciones de uso No para préstamo Colección Programa académico Biblioteca de origen Biblioteca actual Ubicación en estantería Fecha de adquisición Fuente de adquisición
2025-12-03   658.312404 R467e 82825 e1 15.00 2025-10-16 FACIHED Libros físicos No Perdido Clasificación Decimal Dewey No restringido Disponible para préstamos Colección General Educación primaria Biblioteca CRAI UPeU Lima Biblioteca CRAI UPeU Lima Sala principal 2025-03-04 DONACION